Catálogo
 En Linea

Aprendiendo del milagro japonés : (Registro nro. 35010)

Detalles MARC
000 -CABECERA
campo de control de longitud fija 00508nam a2200157 a 4500
001 - NÚMERO DE CONTROL
campo de control 000035519
005 - FECHA Y HORA DE LA ÚLTIMA TRANSACCIÓN
campo de control 20200930074413.0
008 - DATOS DE LONGITUD FIJA--INFORMACIÓN GENERAL
campo de control de longitud fija 111103s1995 mx 000 0 spa d
020 ## - NÚMERO INTERNACIONAL ESTÁNDAR DEL LIBRO
Número Internacional Estándar del Libro 9700505898
040 ## - FUENTE DE LA CATALOGACIÓN
Centro catalogador/agencia de origen DO-SdBNP
Lengua de catalogación spa
Centro/agencia transcriptor BNPHU
082 ## - NÚMERO DE LA CLASIFICACIÓN DECIMAL DEWEY
Número de clasificación xxx
Número de documento/Ítem L353a
100 1# - ENTRADA PRINCIPAL--NOMBRE DE PERSONA
Nombre de persona Lathrop, Allan
9 (RLIN) 61403
245 10 - MENCIÓN DE TÍTULO
Título Aprendiendo del milagro japonés :
Resto del título tecnología ejecutiva : su aplicación en las empresas latinoaméricanas /
Mención de responsabilidad, etc. Allan Lathrop.
260 ## - PUBLICACIÓN, DISTRIBUCIÓN, ETC.
Lugar de publicación, distribución, etc. México :
Nombre del editor, distribuidor, etc. Grijalbo,
Fecha de publicación, distribución, etc. 1995.
300 ## - DESCRIPCIÓN FÍSICA
Extensión 158 p. ;
Dimensiones 24 cm.
Existencias
Estado de retiro Estado de pérdida Restricciones de uso No para préstamo Código de colección Localización permanente Ubicación/localización actual Ubicación en estantería Fecha de adquisición Número de inventario Total de préstamos Signatura topográfica completa Código de barras Fecha visto por última vez Precio válido a partir de Tipo de ítem Koha
        Monografías: Libros y Folletos General General Orden iniciada 03.11.2011 LF1   xxx L353a 35519-10 25.06.2020 25.06.2020 No se presta

Con tecnología Koha